Á lódáil...

Theranjedutha prbandhangal

Sonraí Bibleagrafaíochta
Príomhúdar: Kuttykrishna Marar
Formáid: Printed Book
Foilsithe: Thrissur, Kerala Sahithya Akademi 1996
Ábhair:
LEADER 004980000a22001570004500
040 |a Malayalam 
082 |a A4 008 KUT/T N6 
100 |a Kuttykrishna Marar 
245 |a Theranjedutha prbandhangal 
260 |a Thrissur, Kerala Sahithya Akademi 
260 |c 1996 
650 |a Collected essays 
650 |a Malayalam literature 
942 |c BK 
999 |c 152855  |d 152851 
952 |0 0  |1 0  |4 0  |6 A_4_008000000000000_KUT_T_N6  |7 0  |9 151671  |a SCK  |b SCK  |d 2017-10-23  |l 0  |o A4 008 KUT/T N6  |p SCK04414  |r 2017-10-23  |w 2017-10-23  |y BK